| 000 | 00851nas a2200241 4500 | ||
|---|---|---|---|
| 001 | BR7904681 | ||
| 003 | BR-BrBNA | ||
| 005 | 20231205083840.0 | ||
| 007 | ta | ||
| 008 | 230509b bl.|||p| |||| 00| 00por d | ||
| 040 |
_aBR-BrBNA _bpor _cBiblioteca Nacional de Agricultura |
||
| 041 | _a(Pt) | ||
| 072 | _aF70 | ||
| 100 | 1 | _aTrinta, E.F. | |
| 245 | 1 |
_aRevisao das especies do genero Genlisea st. Hil. (Lentibulariaceae)das regioes sudeste e sul do Brasil _bParte de tese |
|
| 246 | 1 |
_a[Review of Genlisea st. Hil. (Lentibulariaceae)from the Southeast and South of Brazil] _b[Part of thesis] |
|
| 650 | _aTaxonomia vegetal | ||
| 650 | _aPlanta | ||
| 650 | _aDistribuicao geografica | ||
| 773 | 0 |
_tRodriguesia (Brazil) _xISSN 0370-6583 _g(1979), v. 31(49) p. 17-139 _wBR7904681 |
|
| 909 |
_a202311 _bLúcia _c55 _dLúcia Elande |
||
| 942 |
_2AGRIS _n0 _cANA |
||
| 999 |
_c101582 _d101582 |
||